[Event "Wroclaw Anderssen Memorial op-C"]
[Site "Wroclaw"]
[Date "2023.??.??"]
[Round "1"]
[White "Mencfel, Artur"]
[Black "Kasprzak, Michal"]
[Result "0-1"]
[WhiteElo "1597"]
[BlackElo "1160"]
[PlyCount "68"]
[EventDate "2023.08.06"]
[EventType "swiss"]
[EventRounds "9"]
[EventCountry "POL"]
[SourceTitle "EXT 2024"]
[Source "ChessBase"]
[SourceDate "2023.10.10"]
[SourceVersion "1"]
[SourceVersionDate "2023.10.10"]
[SourceQuality "1"]

1. d4 d5 2. c4 e6 3. Nf3 a6 4. a4 Nc6 5. Bg5 Be7 6. Bxe7 Qxe7 7. Nc3 dxc4 8. e4 Qb4 9. Qd2 Nf6 10. Be2 Na5 11. Ra3 Nb3 12. Qc2 0-0 13. 0-0 Rd8 14. e5 Ne8 15. Na2 Qb6 16. Bxc4 Nxd4 17. Nxd4 Rxd4 18. Rh3 h6 19. b3 Bd7 20. Nc3 Bc6 21. Rg3 Bd5 22. Bd3 Qxb3 23. Qc1 Rxd3 24. Rxd3 Bc4 25. Rfd1 Bxd3 26. Rxd3 Qc4 27. Qb1 Qc6 28. h3 g6 29. Rg3 Ng7 30. Ne4 Nf5 31. Rc3 Qxa4 32. Nf6+ Kg7 33. Qxb7 Qa1+ 34. Kh2 Qxc3 0-1